PHARMACEUTICS - I (Record no. 5883)

MARC details
000 -LEADER
fixed length control field 00382nam a22001577a 4500
005 - DATE AND TIME OF LATEST TRANSACTION
control field 20190528124116.0
008 - FIXED-LENGTH DATA ELEMENTS--GENERAL INFORMATION
fixed length control field 190528b xxu||||| |||| 00| 0 eng d
020 ## - INTERNATIONAL STANDARD BOOK NUMBER
ISBN 978-93-86084-76-7
041 ## - LANGUAGE CODE
Language code of text/sound track or separate title eng
100 ## - MAIN ENTRY--AUTHOR NAME
Personal name GUPTA, DR, G.D. AND OTHERS
245 ## - TITLE STATEMENT
Title PHARMACEUTICS - I
250 ## - EDITION STATEMENT
Edition statement 5th ED. , 2019
260 ## - PUBLICATION, DISTRIBUTION, ETC. (IMPRINT)
Place of publication PUNE
Name of publisher NIRALI PRAKASHAN
300 ## - PHYSICAL DESCRIPTION
Number of Pages 68p,
942 ## - ADDED ENTRY ELEMENTS (KOHA)
Koha item type Books

No items available.